01680cam a22003498i 4500952017000000999001700170001000900187003000400196005001700200008004100217010001700258020001800275040002300293042000800316050002100324082002200345100004600367245017100413246002900584250001900613264004800632300001500680336002600695337002800721338002700749504005100776505034500827650003001172700003801202700004801240942004201288 00102ddc40708PSYCHOLOGYaMESbMEScPSYCHOLOGYd2022-09-26e53g280.00l1m1o616.89 CAS/Fp41568r2023-01-04 00:00:00s2022-12-16v280.00w2022-09-26yBKzGL45R3 c41528d4152820860799OSt20220919141702.0190221s2019 nyu b 001 0 eng  a 2019008390 a9781904671329 aDLCbengerdacDLC apcc00aRC454b.F57 201900a616.89223bCAS/F1 aFish, F. J.q(Frank James)eauthor.9910210aFish's clinical psychopathology :bsigns and symptoms in psychiatry /cPatricia Casey, Mater Misericordiae University Hospital, Brendan Kelly, Trinity College Dublin.30aClinical psychopathology aThird edition. 1aNew York, NY :bCambridge University Press, a132 pages  atextbtxt2rdacontent aunmediatedbn2rdamedia avolumebnc2rdacarrier aIncludes bibliographical references and index.0 aClassification of psychiatric disorders -- What is psychopathology? controversies in classifying psychiatric disorder -- Disorders of perception -- Disorders of thought and speech -- Disorders of memory -- Disorders of emotion -- Disorders of the experience of self -- Motor disorders -- Disorders of consciousness -- Personality disorders. 0aPsychology, Pathological.1 aCasey, Patricia R.eauthor.991031 aKelly, Brendanq(Brendan D.)eauthor.99104 2ddccBKh616.89iCAS/Fk616.89mCAS/F